000 00583nam a2200193 a 4500
005 20140310183405.0
008 121012s19uu xx 00 eng d
020 _a9780230293601
050 _aHV 40
_b.P328 2011
100 _aPayne, Malcolm
245 _aHumanistic social work :
_bcore principles in practice /
_cMalcolm Payne.
260 _aChicago, Ill :
_bLyceum Books,
_c2011.
300 _a223 p. :
_c23 cm.
500 _aIncludes bibliographical references and index
650 _aHuman services
650 _aSocial service
942 _cBK
_2lcc
_kFOR
999 _c22395
_d22395